000 00953nam a2200241 i 4500
001 23691
003 ES-MaACL
005 20240203062542.0
007 t|
008 021212s1850 sp ||||1| spa d
100 1 _aAmador de los Ríos, José,
_d1818-1878
_921088
245 1 0 _aOración pronunciada en la solemne apertura del curso académico de 1850 a 1851 de la universidad de Madrid /
_cpor el Doctor José Amador de los Ríos.
260 _aMadrid :
_b[s.n.],
_c1850.
300 _a29 p. ;
_c23 cm.
500 _aTema del discurso: Del estudio de las letras en nuestros días.
530 _aDisponible en formato digital.
650 _aCrítica literaria.
_911448
650 _aLiteratura-
_xHistoria y crítica.
_914489
710 2 _aUniversidad Central (Madrid)
_97084
852 _aES-MaACL
_jT-659-F-1
856 _uhttp://bdh-rd.bne.es/viewer.vm?id=0000110890&page=1
_zBiblioteca Digital Hispánica
999 _c23691
_d23691